| 000 | 00786nam a2200217 4500 | ||
|---|---|---|---|
| 001 | 121848 | ||
| 003 | ES-MaACL | ||
| 005 | 20230906191836.0 | ||
| 007 | t| | ||
| 008 | 070214s1977 gw r ||||1| spa d | ||
| 100 | 1 |
_aPlum, Werner. _992670 |
|
| 245 | 1 | 0 |
_aDiscusiones sobre la pobreza de masas en los comienzos de la industrialización / _cWerner Plum ; traducido por Leonardo Halpern. |
| 260 |
_aBonn : _bFriedrich-Ebert-Stiftung, _c1977. |
||
| 300 |
_a231 p. ; _c18 cm. |
||
| 490 | 1 | _aAspectos sociales y culturales de la industrialización | |
| 700 | 1 |
_aHalpern, Leonardo. _961621 |
|
| 710 | 2 |
_aFriedrich-Ebert-Stiftung. _94189 |
|
| 830 | 0 |
_aAspectos sociales y culturales de la industrialización _9186529 |
|
| 852 |
_aES-MaACL _jA-7883 _bR.96768 |
||
| 999 |
_c121848 _d121848 |
||